00536nmm a2200169Ia 4500008004100000020001800041041000800059100001900067245008300086264005100169300001800220490003000238650002300268856005100291942000700342999001700349251105s9999||||xx |||||||||||||||||und|| a9788497428255 aspa aGambin, Felice 0aAzabache : El debate sobre la melancolía en la España de los Siglos de Oro a[Madrid, España] :bBiblioteca Nueva, c2008 a279 páginas aHistoria Biblioteca Nueva aSpanish literature uhttps://public.digitaliapublishing.com/a/17033 cCF c90396d90396